000 00515nam a22001817a 4500
999 _c159621
_d159621
005 20181226170554.0
010 _aA-935617
020 _a8170997089
035 _aA-935617
037 _bMittal publication
082 _a338.62
100 _aGanesh, G.
245 _aPrivatisation experience around the world/
_cby G. Ganesh
260 _aNew Delhi
_bMittal publication
_c1998
300 _a375p.
_c22cm(Hb)
942 _2ddc
_cEN
_h338.62
_mGAN